Guerre de Corée - Statistiques

Statistiques générales
  • Ce quiz a été pris 123 fois
  • Le résultat moyen est 4 sur 6
Answers on the Grid
Answers color-coded by a green-red scale on the quiz's grid according to % correct below.
La guerre de Corée a commencé en 1950
L'ONU à participé au conflit.
La Chine a soutenu la Corée du Sud pendant la guerre.
Le conflit s'est terminé par une victoire totale de la Corée du Nord.
L’armistice de Panmunjom en 1953 a mis fin aux combats, mais aucun traité de paix n’a été signé.
Aujourd’hui, la Corée du Nord et la Corée du Sud sont toujours officiellement en guerre.
L’Union soviétique a envoyé des troupes combattre aux côtés de la Corée du Nord
La ligne de démarcation entre la Corée du Nord et la Corée du Sud après la guerre est située autour du 38e parallèle
La guerre de Corée a été l’un des premiers grands conflits de la guerre froide
 
Statistiques - réponses
Réponse % Correct
La guerre de Corée a commencé en 1950
85%
Aujourd’hui, la Corée du Nord et la Corée du Sud sont toujours officiellement en guerre.
68%
L’armistice de Panmunjom en 1953 a mis fin aux combats, mais aucun traité de paix n’a été signé.
62%
L'ONU à participé au conflit.
58%
La ligne de démarcation entre la Corée du Nord et la Corée du Sud après la guerre est située autour du 38e parallèle
49%
La guerre de Corée a été l’un des premiers grands conflits de la guerre froide
38%
Aucun quiz correspondant
Distribution des résultats
% des personnes avec chaque résultat
Percentile par nombre de réponses
Votre historique - résultats
Vous n’avez pas pris ce quiz